000 00269nam a22001337a 4500
003 OSt
008 250109b |||||||| |||| 00| 0 eng d
041 _aeng
100 _aCulpin, C
_96901
245 _aFarm Machinery
250 _a10th
260 _c1981.
942 _cBK
999 _c18997
_d18997